Informe de la campanya de vigilància i prevenció d'incendis
Publicado:
[Barcelona] :
Diputació de Barcelona. Àrea d'Espais Naturals. Servei de Parcs Naturals ,
2000
Descripción Física:
51 p. : quadres, gràfics, taules ; 29 cm
MARC
| LEADER | 00000nam a2200000Ia 4500 | ||
|---|---|---|---|
| 001 | 23626 | ||
| 008 | 160829s2000 xx 000 0 cat d | ||
| 080 | |a Bib-3 | ||
| 245 | |a Informe de la campanya de vigilància i prevenció d'incendis | ||
| 260 | |a [Barcelona] : |b Diputació de Barcelona. Àrea d'Espais Naturals. Servei de Parcs Naturals, |c 2000 | ||
| 300 | |a 51 p. : |b quadres, gràfics, taules ; |c 29 cm | ||
| 650 | 0 | |a Incendis forestals |x Prevenció i control |9 50256 | |
| 650 | 0 | |a Incendis |x Prevenció |9 49592 | |
| 650 | 0 | |a Parcs Naturals |z Barcelona (Catalunya : Província) |9 49557 | |
| 650 | 0 | |a Espais naturals protegits |z Barcelona (Catalunya : Província) |9 49889 | |
| 710 | |a Barcelona (Catalunya : Província). |b Servei de Parcs Naturals |9 53492 | ||
| 901 | |a Arxiu | ||
| 942 | |n 1 | ||
| 952 | |0 0 |1 0 |4 0 |6 BIB3 |7 1 |9 55658 |a Arxiu |b Arxiu |d 2016-12-01 |l 0 |o Bib-3 |p 23626 |r 2016-12-01 00:00:00 |w 2016-12-01 |y ARXIU | ||
| 999 | |c 59531 |d 59531 | ||